Mathematics - Decimal Calculations - Statistics

General Stats
  • This quiz has been taken 96 times
  • The average score is 14 of 15
Answer Stats
Question Answer % Correct
1.3 + 3.7 5
100%
3.6 / 1.2 3
96%
2.5 - 0.9 1.6
95%
4.1 - 3.9 0.2
93%
7.8 - 6.9 0.9
93%
2.1 + 3.8 5.9
93%
5.4 - 4.5 0.9
92%
12.8 + 3.4 16.2
92%
12.0 - 9.9 2.1
92%
12.9 - 10.7 2.2
92%
9.9 - 3.3 6.6
92%
5.9 + 1.9 7.8
92%
3.3 + 9.9 13.2
90%
2.0 * 1.8 3.6
90%
4.5 + 5.4 9.9
90%
No matching quizzes found
Score Distribution
Percent of People with Each Score
Percentile by Number Answered
Your Score History
You have not taken this quiz